|
|
|
|
| LEADER |
00000cam a2200000 7i4500 |
| 001 |
0000101721 |
| 005 |
20230402093000.0 |
| 008 |
221124s2006 nyu eng |
| 020 |
|
|
|a 9781586483937
|
| 020 |
|
|
|a 1586483935
|
| 040 |
|
|
|a UniSZA
|e rda
|
| 050 |
0 |
0 |
|a LA227.4
|b .L49 2006
|
| 090 |
0 |
0 |
|a LA227.4
|b .L49 2006
|
| 100 |
1 |
|
|a Lewis, Harry R. ,
|e author
|
| 245 |
1 |
0 |
|a Excellence without a soul :
|b how a great university forgot education
|c Harry R. Lewis
|
| 264 |
|
1 |
|a New York :
|b Public Affairs
|c c2006
|
| 300 |
|
|
|a xiv, 305 pages :
|b illustrations ;
|c 26 cm.
|
| 336 |
|
|
|a text
|2 rdacontent
|
| 337 |
|
|
|a unmediated
|2 rdamedia
|
| 338 |
|
|
|a volume
|2 rdacarrier
|
| 504 |
|
|
|a Includes bibliographical references (pages 269-294) and index
|
| 505 |
0 |
|
|a 1. Hollow excellence -- 2. Choice and direction -- 3. Meritocracy and citizenship -- 4. Contact, competition, cooperation -- 5. The eternal enigma: advising -- 6. Why grades go up -- 7. Evaluation is educational -- 8. Independence, responsibility, rape -- 9. Students and money -- 10. College athletes and money
|
| 650 |
|
0 |
|a Universities and colleges
|z United States
|
| 650 |
|
0 |
|a Academic achievement
|
| 650 |
|
0 |
|a Academic achievement
|z United States
|
| 650 |
|
0 |
|a Education, Higher
|x Aims and objectives
|z United States
|
| 999 |
|
|
|a 1000184885
|b Book
|c Reference
|e Gong Badak Campus
|